000 01029cam a2200277 i 4500
003 SA-RiAUC
005 20250822142311.0
008 250820s1992 su g 000r0dara c
040 _aSA-RiAUC
_bara
_cSA-RiAUC
_erda
043 _aa-su---
082 0 4 _a915.31
090 _a915.31
_bق و ز
100 1 _aالقوز، أنس عبد الحميد،
_d1376 هجري-
_eمؤلف.
245 1 0 _aرحلتي إلى مكة /
_cأنس عبد الحميد القوز.
250 _aالطبعة الأولى.
264 1 _aالرياض :
_bمكتبة دار السلام،
_c1992
300 _a79 صفحة ؛
_c21 سم
336 _aنص
_btxt
_2rdacontent
_3كتاب
337 _aبدون وسيط
_bn
_2rdamedia
338 _aمجلد
_bnc
_2rdacarrier
610 2 7 _aالمسجد الحرام
_2aucnm
650 7 _aالأماكن المقدسة الإسلامية
_zالسعودية
_2aucsh
651 7 _aمكة المكرمة
_xوصف ورحلات
_2aucsh
942 _2ddc
_cBOOK
_n0
949 _aSA-JeALM
_d250820
_umohamedma123
_n1
999 _c11036
_d11036